000 00693nam a2200229 u 4500
005 20240228064225.0
008 151117s2006 r 000 0 eng d
020 _a9580511071
035 _aUPN01000206823
049 _aI
050 4 _aPN6366
_bC6.2
100 1 _aCorreal López, Yolanda
_938467
245 1 0 _aBate, bate cho-co-la-te /
_cYolanda Correal López ; il. Gustavo Ortega.
260 _a[Bogotá] :
_bEducar,
_c2006.
300 _a22 p. :
_bil. col.
440 0 _aContemporaneo.
_pErase una vez...
534 _pTitulo original:
_tBate, Bate Chocolate
650 4 _aAdivinanzas
_9114
650 4 _aLibros y lectura para niños
_92290
905 _aLibro
999 _c178924
_d178924